Normal view
MARC view
- اقبال،علامہ محمد
Entry Personal Name
001 - CONTROL NUMBER
- control field: 121268
003 - CONTROL NUMBER IDENTIFIER
- control field: NUST
005 - DATE AND TIME OF LATEST TRANSACTION
- control field: 20240226093353.0
008 - FIXED-LENGTH DATA ELEMENTS
- fixed length control field: 240226|| aca||aabn | a|a d
040 ## - CATALOGING SOURCE
- Original cataloging agency: NUST
- Transcribing agency: NUST
100 ## - HEADING--PERSONAL NAME
- Personal name: اقبال،علامہ محمد
670 ## - SOURCE DATA FOUND
- Source citation: Work cat.: (NUST): اقبال،علامہ محمد, بال جبريل, 1962.
